[Event "Mislata op-B 47th"]
[Site "Mislata"]
[Date "2013.08.12"]
[Round "1"]
[White "Albo Ruiz, Jose Martin"]
[Black "Gomez Benitez, David Isaac"]
[Result "1-0"]
[WhiteElo "1880"]
[BlackElo "2069"]
[PlyCount "75"]
[EventDate "2013.08.12"]
[EventType "swiss"]
[EventRounds "9"]
[EventCountry "ESP"]
[SourceTitle "EXT 2014"]
[Source "ChessBase"]
[SourceDate "2013.11.20"]
[SourceVersion "1"]
[SourceVersionDate "2013.11.20"]
[SourceQuality "1"]

1. e4 d6 2. d4 g6 3. Nc3 Bg7 4. Be3 Nf6 5. Nge2 0-0 6. f3 Nbd7 7. Qd2 e5 8. 0-0-0 b5 9. Bh6 b4 10. Nd5 Nxd5 11. exd5 a5 12. Bxg7 Kxg7 13. f4 e4 14. f5 Nf6 15. fxg6 hxg6 16. Nf4 Qe7 17. Re1 Re8 18. Qe3 Bd7 19. Be2 c6 20. dxc6 Bxc6 21. h4 a4 22. h5 b3 23. hxg6 fxg6 24. d5 Bd7 25. Rh6 Qe5 26. Rxg6+ Kf7 27. Rf1 Bf5 28. Rxf6+ Qxf6 29. Bh5+ Ke7 30. Ng6+ Kd8 31. Qb6+ Kd7 32. Qb7+ Kd8 33. Qxa8+ Kc7 34. Qc6+ Kd8 35. Qa8+ Kc7 36. Qxe8 bxa2 37. Qxa4 Qg5+ 38. Nf4 1-0

[Event "Mislata op-B 20th"]
[Site "Mislata"]
[Date "2012.08.19"]
[Round "9"]
[White "Gomez Benitez, David Isaac"]
[Black "Morant Amezaga, Cesar Elias"]
[Result "1/2-1/2"]
[WhiteElo "2062"]
[BlackElo "2013"]
[PlyCount "91"]
[EventDate "2012.08.13"]
[EventType "swiss"]
[EventRounds "9"]
[EventCountry "ESP"]
[SourceTitle "EXT 2013"]
[Source "ChessBase"]
[SourceDate "2012.11.22"]
[SourceVersion "1"]
[SourceVersionDate "2012.11.22"]
[SourceQuality "1"]

1. e4 e5 2. Bc4 Nf6 3. d3 d6 4. Nf3 Be7 5. 0-0 0-0 6. Re1 Nc6 7. c3 Bg4 8. Nbd2 Qd7 9. Nf1 Bxf3 10. Qxf3 Na5 11. Bb3 Nxb3 12. axb3 a6 13. Ng3 g6 14. h3 Ne8 15. Bh6 Ng7 16. d4 Qe6 17. d5 Qd7 18. c4 Bh4 19. Rac1 Bxg3 20. fxg3 f5 21. Bxg7 Kxg7 22. c5 fxe4 23. Qxe4 Qb5 24. cxd6 cxd6 25. Rc7+ Rf7 26. Rxf7+ Kxf7 27. Rf1+ Kg7 28. Qf3 Qd7 29. Qf6+ Kg8 30. h4 Re8 31. h5 Qg7 32. hxg6 Qxg6 33. Qxg6+ hxg6 34. Rf6 Rd8 35. Rxg6+ Kf7 36. Re6 Rg8 37. Kf2 Rg4 38. Rxd6 Rb4 39. Re6 Rxb3 40. Rxe5 Rxb2+ 41. Kf3 a5 42. d6 Rd2 43. Rxa5 Rxd6 44. Rb5 b6 45. g4 Kg6 46. g3 1/2-1/2

[Event "Mislata op-B 20th"]
[Site "Mislata"]
[Date "2012.08.14"]
[Round "3"]
[White "Gomez Benitez, David Isaac"]
[Black "Romero Calduch, Sergio"]
[Result "1/2-1/2"]
[WhiteElo "2062"]
[BlackElo "1972"]
[PlyCount "51"]
[EventDate "2012.08.13"]
[EventType "swiss"]
[EventRounds "9"]
[EventCountry "ESP"]
[SourceTitle "EXT 2013"]
[Source "ChessBase"]
[SourceDate "2012.11.22"]
[SourceVersion "1"]
[SourceVersionDate "2012.11.22"]
[SourceQuality "1"]

1. c4 e5 2. Nc3 d6 3. e3 c6 4. d4 exd4 5. exd4 d5 6. Nf3 Nf6 7. cxd5 Nxd5 8. Be2 Be7 9. 0-0 0-0 10. Qb3 Nb6 11. Bf4 Be6 12. Qc2 N8d7 13. Bd3 h6 14. Rfe1 Nf6 15. Rad1 Nbd5 16. Nxd5 Nxd5 17. Bd2 Nb4 18. Bxb4 Bxb4 19. Re3 Bd6 20. a3 a5 21. Ne5 Re8 22. Qe2 Be7 23. Bc2 Bg5 24. Rc3 Qe7 25. Qd3 g6 26. Qg3 1/2-1/2

[Event "Mislata op-B 20th"]
[Site "Mislata"]
[Date "2012.08.14"]
[Round "2"]
[White "Palacios Herrero, Pablo"]
[Black "Gomez Benitez, David Isaac"]
[Result "0-1"]
[WhiteElo "1926"]
[BlackElo "2062"]
[PlyCount "128"]
[EventDate "2012.08.13"]
[EventType "swiss"]
[EventRounds "9"]
[EventCountry "ESP"]
[SourceTitle "EXT 2013"]
[Source "ChessBase"]
[SourceDate "2012.11.22"]
[SourceVersion "1"]
[SourceVersionDate "2012.11.22"]
[SourceQuality "1"]

1. e4 d5 2. exd5 Qxd5 3. Nc3 Qd6 4. d4 Nf6 5. Nf3 a6 6. g3 Bg4 7. Bg2 Nc6 8. Ne2 e5 9. Nxe5 Nxe5 10. dxe5 Qxe5 11. Bxb7 Rd8 12. Bc6+ Bd7 13. Qd4 Qxd4 14. Nxd4 Bxc6 15. Nxc6 Rd6 16. Na5 Re6+ 17. Kf1 Bb4 18. Nb3 0-0 19. c3 Bd6 20. Nd4 Ree8 21. Bd2 Ne4 22. Be3 Rb8 23. Re1 Rxb2 24. Bc1 Rb1 25. Rxe4 Rxc1+ 26. Kg2 Rxc3 27. Nf5 Rd8 28. Rhe1 Kf8 29. Ra4 Rc6 30. Rb1 Be5 31. Re1 Bf6 32. Ne3 Rcd6 33. Nc4 Rd4 34. Rc1 Ra8 35. Ra5 Be7 36. Ne5 Bd6 37. Nc6 Rd2 38. Kf3 f6 39. Ke3 Rb2 40. Rc4 Rb5 41. Rca4 Bc5+ 42. Nd4 Rxa5 43. Rxa5 Bb6 44. Rd5 Ke7 45. Kf3 Bxd4 46. Rxd4 Rd8 47. Rh4 h6 48. Ra4 Rd6 49. h4 g6 50. Rc4 Kd7 51. Ke3 Rd5 52. Rg4 g5 53. hxg5 hxg5 54. Ra4 a5 55. f4 Kc6 56. Rc4+ Kb6 57. Ke4 Rb5 58. fxg5 fxg5 59. Kd3 Rf5 60. g4 Rf3+ 61. Kc2 Re3 62. Kb2 c5 63. a4 Kc6 64. Kc2 Kd5 0-1

[Event "Mislata op-B 20th"]
[Site "Mislata"]
[Date "2012.08.13"]
[Round "1"]
[White "Gomez Benitez, David Isaac"]
[Black "Goetzee, Rick W"]
[Result "1-0"]
[WhiteElo "2062"]
[BlackElo "1916"]
[PlyCount "67"]
[EventDate "2012.08.13"]
[EventType "swiss"]
[EventRounds "9"]
[EventCountry "ESP"]
[SourceTitle "EXT 2013"]
[Source "ChessBase"]
[SourceDate "2012.11.22"]
[SourceVersion "1"]
[SourceVersionDate "2012.11.22"]
[SourceQuality "1"]

1. c4 e5 2. Nc3 Nc6 3. g3 g6 4. Bg2 Bg7 5. e3 f5 6. Nge2 Nf6 7. 0-0 0-0 8. d4 e4 9. Nf4 Re8 10. Rb1 a5 11. a3 d6 12. b4 axb4 13. axb4 Bd7 14. Bd2 Ne7 15. Qb3 c6 16. b5 g5 17. Nfe2 d5 18. cxd5 cxd5 19. f3 Kh8 20. Rfc1 Nc8 21. Na4 b6 22. Nec3 Be6 23. Na2 Nd6 24. Nb4 Nc4 25. Rc2 Na5 26. Qa2 Rc8 27. Rxc8 Bxc8 28. Nc6 Qc7 29. Nxa5 bxa5 30. b6 Qb8 31. Nc5 Bb7 32. Qxa5 Bf8 33. Qa7 Bxc5 34. dxc5 1-0

[Event "Vall del Tenes op 1st"]
[Site "Vall del Tenes"]
[Date "2012.05.18"]
[Round "6"]
[White "Ruiz Rodriguez, Ferran"]
[Black "Gomez Benitez, David Isaac"]
[Result "0-1"]
[WhiteElo "1775"]
[BlackElo "2047"]
[PlyCount "38"]
[EventDate "2012.04.13"]
[EventType "swiss"]
[EventRounds "8"]
[EventCountry "ESP"]
[SourceTitle "CBM 148 Extra"]
[Source "ChessBase"]
[SourceDate "2012.06.22"]
[SourceVersion "1"]
[SourceVersionDate "2012.06.22"]
[SourceQuality "1"]

1. e4 d5 2. exd5 Qxd5 3. Nc3 Qa5 4. d4 Nc6 5. Nf3 Bf5 6. Bc4 Qb4 7. Qe2 a6 8. Bd2 Qd6 9. 0-0-0 Nf6 10. Bxf7+ Kxf7 11. Ng5+ Ke8 12. Qc4 e6 13. Rhe1 b5 14. Nxb5 axb5 15. Qxb5 Nd5 16. c4 Rxa2 17. Rxe6+ Qxe6 18. Bc3 Nxc3 19. bxc3 Ba3+ 0-1

[Event "Mislata op-B"]
[Site "Mislata"]
[Date "2010.08.22"]
[Round "9"]
[White "Gomez Benitez, David Isaac"]
[Black "Echeverria, Nestor"]
[Result "0-1"]
[WhiteElo "2083"]
[BlackElo "2055"]
[PlyCount "81"]
[EventDate "2010.08.16"]
[EventType "swiss"]
[EventRounds "9"]
[EventCountry "ESP"]
[SourceTitle "EXT 2012"]
[Source "ChessBase"]
[SourceDate "2011.11.24"]
[SourceVersion "1"]
[SourceVersionDate "2011.11.24"]
[SourceQuality "1"]

1. e4 d6 2. d4 Nf6 3. Nc3 e5 4. Nge2 exd4 5. Nxd4 Be7 6. Be2 0-0 7. Be3 Re8 8. 0-0 Nbd7 9. f4 Bf8 10. Bf3 Nc5 11. e5 Nfd7 12. Bd5 c6 13. Bc4 dxe5 14. Qh5 Qe7 15. Nf5 Qf6 16. fxe5 Rxe5 17. Bxf7+ Kh8 18. Bd4 Rxf5 19. Bxf6 Rxh5 20. Bxg7+ Bxg7 21. Bxh5 Bd4+ 22. Kh1 Nf6 23. Bf3 Ng4 24. Nd1 Bd7 25. Bxg4 Bxg4 26. c3 Bg7 27. Nf2 Be6 28. Rfe1 Rf8 29. Kg1 Bd5 30. Rad1 b5 31. Re7 Bf6 32. Rxa7 Re8 33. b4 Na4 34. c4 Bxc4 35. Ng4 Bd8 36. Rb7 h5 37. Nh6 Bb6+ 38. Kh1 Nc3 39. Ra1 Be3 40. Re1 Rf8 41. g4 0-1

[Event "Mislata op-B"]
[Site "Mislata"]
[Date "2010.08.18"]
[Round "4"]
[White "Gomez Benitez, David Isaac"]
[Black "Martinez Piqueras, Carlos Gustavo"]
[Result "1-0"]
[WhiteElo "2083"]
[BlackElo "2090"]
[PlyCount "61"]
[EventDate "2010.08.16"]
[EventType "swiss"]
[EventRounds "9"]
[EventCountry "ESP"]
[SourceTitle "EXT 2012"]
[Source "ChessBase"]
[SourceDate "2011.11.24"]
[SourceVersion "1"]
[SourceVersionDate "2011.11.24"]
[SourceQuality "1"]

1. e4 Nf6 2. Nc3 d5 3. exd5 Nxd5 4. Bc4 c6 5. Qf3 Be6 6. Nh3 Nc7 7. Bd3 Nd7 8. Qg3 Nc5 9. Be2 Bf5 10. d3 e6 11. Bf4 Nd5 12. Nxd5 cxd5 13. d4 Qa5+ 14. c3 Ne4 15. Qe3 Be7 16. 0-0 0-0 17. Bd3 Bg6 18. Be5 Nd6 19. Bxg6 hxg6 20. Bxd6 Bxd6 21. Ng5 Be7 22. f4 Bxg5 23. fxg5 Qc7 24. Rf4 Rae8 25. Re1 f5 26. Rh4 b5 27. Qh3 a5 28. Re3 b4 29. Rh8+ Kf7 30. Rh7 Qb6 31. Rxg7+ 1-0

[Event "Llinars del Valles op-B 4th"]
[Site "Llinars del Valles"]
[Date "2010.05.08"]
[Round "5"]
[White "Gomez Benitez, David Isaac"]
[Black "Ruiz Tenedor, Jose Maria"]
[Result "0-1"]
[WhiteElo "2077"]
[BlackElo "1492"]
[PlyCount "88"]
[EventDate "2010.04.10"]
[EventType "swiss"]
[EventRounds "7"]
[EventCountry "ESP"]
[SourceTitle "EXT 2012"]
[Source "ChessBase"]
[SourceDate "2011.11.24"]
[SourceVersion "1"]
[SourceVersionDate "2011.11.24"]
[SourceQuality "1"]

1. e4 e5 2. Nf3 Nc6 3. Nc3 Bc5 4. Bb5 Nge7 5. d3 0-0 6. 0-0 a6 7. Bc4 d6 8. Bg5 Bg4 9. Nd5 Qd7 10. h3 Bh5 11. Be3 Nd4 12. Bxd4 Bxd4 13. c3 Ba7 14. g4 Bg6 15. Re1 c6 16. Nxe7+ Qxe7 17. d4 b5 18. Bd3 exd4 19. Nxd4 Bxd4 20. cxd4 Qh4 21. Bf1 Rfe8 22. Qc2 Rac8 23. Qd3 d5 24. Bg2 dxe4 25. Bxe4 Bxe4 26. Rxe4 Rxe4 27. Qxe4 Qxh3 28. Re1 h6 29. Qf5 Rd8 30. Re7 Rf8 31. Rc7 g6 32. Qf4 Qh4 33. Rxc6 h5 34. Rxa6 Kg7 35. d5 hxg4 36. d6 Rh8 37. Kf1 Qh1+ 38. Ke2 Re8+ 39. Kd3 Qf1+ 40. Kc3 b4+ 41. Qxb4 Qxa6 42. Qd4+ Kf8 43. d7 Qc6+ 44. Kd2 Rd8 0-1

[Event "Llinars del Valles op-A 4th"]
[Site "Llinars del Valles"]
[Date "2010.04.10"]
[Round "1"]
[White "Amores Gago, Javier"]
[Black "Gomez Benitez, David Isaac"]
[Result "1/2-1/2"]
[WhiteElo "1820"]
[BlackElo "2077"]
[PlyCount "72"]
[EventDate "2010.04.10"]
[EventType "swiss"]
[EventRounds "7"]
[EventCountry "ESP"]
[SourceTitle "EXT 2012"]
[Source "ChessBase"]
[SourceDate "2011.11.24"]
[SourceVersion "1"]
[SourceVersionDate "2011.11.24"]
[SourceQuality "1"]

1. e4 d5 2. exd5 Qxd5 3. Nc3 Qd6 4. Nf3 Nf6 5. d4 a6 6. Be2 b5 7. a3 Bb7 8. Be3 e6 9. Qd2 Nbd7 10. Rd1 c5 11. dxc5 Qxd2+ 12. Rxd2 Nxc5 13. Nxb5 Nd5 14. Bxc5 Bxc5 15. c4 axb5 16. cxd5 b4 17. dxe6 bxa3 18. exf7+ Kxf7 19. bxa3 Bxf3 20. Bxf3 Rhe8+ 21. Be2 Rxa3 22. 0-0 Re7 23. Bc4+ Kf6 24. Rfd1 Rc3 25. Bf1 Ba3 26. Rd3 Rec7 27. Rxc3 Rxc3 28. Rd3 Rxd3 29. Bxd3 h6 30. g3 g5 31. Kg2 Bd6 32. Bc2 Bc7 33. Kf3 Bb6 34. h3 Ke5 35. Ke2 h5 36. f3 Bc5 1/2-1/2

[Event "Santa Eulalia de Roncana 3rd"]
[Site "Santa Eulalia de Roncana"]
[Date "2009.11.21"]
[Round "8.4"]
[White "Gomez Benitez, David Isaac"]
[Black "Turon Mora, Joan"]
[Result "1/2-1/2"]
[WhiteElo "2077"]
[BlackElo "1934"]
[PlyCount "42"]
[EventDate "2009.10.03"]
[EventType "swiss"]
[EventRounds "9"]
[EventCountry "ESP"]
[SourceTitle "EXT 2024"]
[Source "ChessBase"]
[SourceDate "2023.10.10"]
[SourceVersion "1"]
[SourceVersionDate "2023.10.10"]
[SourceQuality "1"]

1. e4 c6 2. d4 d5 3. exd5 cxd5 4. c4 Nf6 5. Nc3 Nc6 6. Nf3 Bg4 7. cxd5 Nxd5 8. Qb3 Nb6 9. d5 Bxf3 10. gxf3 Nd4 11. Bb5+ Nxb5 12. Nxb5 a6 13. Nc3 e6 14. dxe6 fxe6 15. Be3 Nd5 16. Rd1 Bb4 17. 0-0 Bxc3 18. bxc3 b5 19. c4 bxc4 20. Qa4+ Qd7 21. Qxc4 0-0 1/2-1/2

[Event "Roncana op 2nd"]
[Site "Santa Eulalia de Roncana"]
[Date "2008.11.15"]
[Round "7"]
[White "Coll Enriquez, Lluis"]
[Black "Gomez Benitez, David Isaac"]
[Result "1-0"]
[WhiteElo "2136"]
[BlackElo "2093"]
[PlyCount "69"]
[EventDate "2008.10.04"]
[EventType "swiss"]
[EventRounds "9"]
[EventCountry "ESP"]
[SourceTitle "EXT 2011"]
[Source "ChessBase"]
[SourceDate "2010.11.26"]
[SourceVersion "1"]
[SourceVersionDate "2010.11.26"]
[SourceQuality "1"]

1. e4 c5 2. Nc3 Nc6 3. g3 g6 4. Bg2 Bg7 5. d3 Rb8 6. Be3 d6 7. Qd2 b5 8. f4 b4 9. Nd1 Nd4 10. c3 bxc3 11. bxc3 Nb5 12. Nf3 e6 13. g4 h5 14. g5 Ne7 15. 0-0 Qa5 16. Rc1 Bd7 17. Nh4 Nc7 18. Bh3 f5 19. gxf6 Bxf6 20. Qf2 Kd8 21. d4 cxd4 22. cxd4 Bb5 23. Re1 Rf8 24. Nf3 Bg7 25. Nc3 Bd7 26. Red1 d5 27. Ne5 g5 28. Nxd7 Kxd7 29. exd5 Ncxd5 30. Nxd5 Qxd5 31. Rc5 Qe4 32. Rxg5 Bf6 33. Bg2 Qh7 34. Ra5 Ra8 35. Qe2 1-0

[Event "Benidorm op rap 3rd"]
[Site "Benidorm"]
[Date "2006.12.07"]
[Round "1"]
[White "Delchev, Aleksander"]
[Black "Gomez Benitez, David Isaac"]
[Result "1-0"]
[WhiteElo "2628"]
[BlackElo "2109"]
[PlyCount "61"]
[EventDate "2006.12.07"]
[EventType "swiss (rapid)"]
[EventRounds "9"]
[EventCountry "ESP"]
[SourceTitle "CBM 115 Extra"]
[Source "ChessBase"]
[SourceDate "2007.01.10"]
[SourceVersion "1"]
[SourceVersionDate "2007.01.10"]
[SourceQuality "1"]

1. e4 d5 2. Nc3 dxe4 3. Nxe4 Qd5 4. Nc3 Qd6 5. d4 Nf6 6. Nb5 Qd8 7. c4 a6 8. Nc3 Bg4 9. Be2 Bxe2 10. Ngxe2 e6 11. Qb3 Qc8 12. Bg5 Nbd7 13. 0-0 Be7 14. Ng3 h6 15. Bd2 0-0 16. Rfe1 Re8 17. Rad1 c5 18. d5 exd5 19. Nxd5 Nxd5 20. cxd5 c4 21. Qc2 b5 22. Nf5 Bf8 23. Rxe8 Qxe8 24. Re1 Qd8 25. Re3 Nf6 26. Rg3 Kh8 27. d6 Qd7 28. Bc3 Re8 29. Nxh6 Bxd6 30. Rh3 Nh7 31. Nxf7+ 1-0